000 00499nam a22001817a 4500
003 DO-SdBNP
005 20211006145513.0
007 ta
008 210915e2013 dr ac||gr|||| 00| 0 spa d
040 _aDO-SdBNP
_bspa
_cBNPHU
082 4 _222
_bR311a
110 1 _aGrupo Popular
_958036
245 1 0 _aReconocimiento a nuestra gente 2013
260 _aSanto Domingo :
_bGrupo Financiero Popular,
_c[2013]
300 _a92 p:
_bil., retr.;
_c27 cm
590 _ainventariado 2021 / MF
942 _2ddc
_cLBS1
999 _c50509
_d50509